000
00215nam a22001097a 4500
041
_a
eng
080
_a
54
090
_b
MIL
100
_a
Millard, E. B.
245
_a
Physical Chemistry for Colleges.
999
_c
280250
_d
280250
942
_c
BK